PHARMACOTHERAPEUTICS (Record no. 67870)
[ view plain ]
| 000 -LEADER | |
|---|---|
| fixed length control field | 00367nam a22001457a 4500 |
| 003 - CONTROL NUMBER IDENTIFIER | |
| control field | OSt |
| 005 - DATE AND TIME OF LATEST TRANSACTION | |
| control field | 20260418162539.0 |
| 008 - FIXED-LENGTH DATA ELEMENTS--GENERAL INFORMATION | |
| fixed length control field | 260418b |||||||| |||| 00| 0 eng d |
| 040 ## - CATALOGING SOURCE | |
| Transcribing agency | IIMT COLLEGE OF PHARMACY GREATER NOIDA |
| 100 ## - MAIN ENTRY--PERSONAL NAME | |
| Personal name | SINGH, SHRADDHA |
| 245 ## - TITLE STATEMENT | |
| Title | PHARMACOTHERAPEUTICS |
| 260 ## - PUBLICATION, DISTRIBUTION, ETC. | |
| Place of publication, distribution, etc. | SHRI BADR |
| Name of publisher, distributor, etc. | NEW DELHI |
| Date of publication, distribution, etc. | 2025 |
| 300 ## - PHYSICAL DESCRIPTION | |
| Extent | 144 |
| 942 ## - ADDED ENTRY ELEMENTS (KOHA) | |
| Source of classification or shelving scheme | |
| Koha item type | Reference Book |
| Withdrawn status | Lost status | Source of classification or shelving scheme | Damaged status | Not for loan | Home library | Current library | Date acquired | Cost, normal purchase price | Inventory number | Total Checkouts | Barcode | Date last seen | Price effective from | Koha item type |
|---|---|---|---|---|---|---|---|---|---|---|---|---|---|---|
| NOIDA IIMT COLLEGE OF D-PHARMA | NOIDA IIMT COLLEGE OF D-PHARMA | 04/18/2026 | 160.00 | GD/IN/389 11/03/2026 | 26-B-1677 | 04/18/2026 | 04/18/2026 | Reference Book |

